L'Inde classique: manuel des études indiennes

Đã lưu trong:
Chi tiết về thư mục
Những tác giả chính: Renou, Louis (autor), Filliozat, Jean (Tác giả)
Định dạng: Sách
Ngôn ngữ:Tiếng Pháp
Được phát hành: París Payot 1947
Loạt:Bibliothèque Scientifique
Những chủ đề:
Các nhãn: Thêm thẻ
Không có thẻ, Là người đầu tiên thẻ bản ghi này!

MARC

LEADER 00000nam a2200000 a 4500
001 UCO2291
003 CL-VaPUC
008 000602e19470000FR |||||||||||||||||fre|d
082 0 4 |a 954.02  |b REN  |2 21 
100 |a Renou, Louis  |e autor  |9 445323 
700 0 |a Filliozat, Jean  |e author  |9 445324 
245 1 2 |a L'Inde classique: manuel des études indiennes 
300 |a v 
942 |c BK 
945 |d 20000602 00:00:00  |a rherrera 
260 |a París  |b Payot  |c 1947 
650 7 |a HISTORIA DE LA INDIA  |2 CL-VaPUC  |9 438922 
650 7 |a SIGLOS 1-14  |2 CL-VaPUC  |9 445325 
650 7 |a IMPERIO MUSULMAN  |2 CL-VaPUC  |9 440899 
650 0 |a Historia política  |9 256974 
650 7 |a EPIGRAFIA  |2 CL-VaPUC  |9 340320 
651 0 |a India  |9 267804 
583 |a last modification  |c 20000602 00:00:00  |k Rodrigo Vera 
490 0 |a Bibliothèque Scientifique 
999 |c 288827  |d 288825 
952 |0 0  |1 0  |4 0  |6 954_020000000000000_REN_1947  |7 0  |8 X  |9 336770  |a BIBHIS  |b BIBHIS  |d 2019-11-20  |h v.1  |i 128469K  |o 954.02 REN 1947  |p 128469K  |r 2024-01-30  |w 2019-11-20  |y BK_X  |k HIS